000 00301nam a2200121Ia 4500
008 240731s9999 xx 000 0 und d
022 _a2158-9119
245 0 _aJournal of Crime and Justice
260 _bRoutledge
856 _uhttps://www.tandfonline.com/loi/rjcj20
942 _2ddc
942 _cTFEJ
999 _c77596
_d77596
945 _a1
_bMadushi Gamage
_c1
_dMadushi Gamage